000 00391nam a2200145Ia 4500
008 191201s2004 xx 000 0 und d
082 _a621.31042
_bRAT
100 _aRAO, S
245 0 _aTesting, Commissioning, Operation and Maintenance of Electrical Equipment
250 _a6th
260 _aN.Delhi
_bKhanna Publisher
_c2004
300 _a1371
650 _aB.Tech(ECE)
942 _2ddc
_cBK
999 _c1947
_d1947